WHO technical report series; N.844 Prevention of diabetes mellitus

Đã lưu trong:
Bibliografiske detaljer
Hovedforfatter: OMS
Format: Bog
Sprog:Undetermined
Udgivet: Geneva OMS 1994
Fag:
Tags: Tilføj Tag
Ingen Tags, Vær først til at tagge denne postø!
Thư viện lưu trữ: Trung tâm Học liệu Trường Đại học Cần Thơ
LEADER 00577nam a2200193Ia 4500
001 CTU_34665
008 210402s9999 xx 000 0 und d
082 |a 614 
082 |b T255/N844 
100 |a OMS 
245 0 |a WHO technical report series; N.844 
245 0 |b Prevention of diabetes mellitus 
245 0 |c OMS 
260 |a Geneva 
260 |b OMS 
260 |c 1994 
650 |a diabetes,diabetes - complications,diabetes mellitus - prevention and control 
904 |i Nguyễn Quang Điền, 991221 
980 |a Trung tâm Học liệu Trường Đại học Cần Thơ